| 000 | 00407nam a2200145Ia 4500 | ||
|---|---|---|---|
| 008 | 210210b1977 xxu||||| |||| 00| 0 eng d | ||
| 082 | _a332 KULM | ||
| 100 | _aKULKARNI (A B N) & KALKUNDRIKAR (A B). | ||
| 245 | _aMoney, banking, trade & finance. | ||
| 260 |
_aND _bR Chand & Co _c1977 |
||
| 300 | _a452 | ||
| 650 | _aMoney Banking International trade Public finan | ||
| 690 | _aBanki | ||
| 906 | _aSG007 | ||
| 999 |
_c112273 _d112273 |
||